000 00816nam a2200217 i 4500
001 95108
003 ES-MaACL
005 20250828144030.0
007 t|
008 050523s1984 sp ||||1| spa d
100 1 _aLukes, Steven.
_974725
245 1 0 _aEmile Durkheim, su vida y su obra
_b: estúdio histórico-crítico /
_cpor Steven Lukes; [traducción de Alberto Cardin Garay e Isabel Martínez].
260 _aMadrid :
_bCentro de Investigaciones Sociológicas,
_c1984.
300 _aXII, 669 p. ;
_c21 cm.
600 1 4 _aDurkheim, Émile,
_d1858-1917-
_xCrítica e interpretación
_946303
700 1 _aCardín, Alberto.
_935165
700 1 _aMartínez, Isabel.
_977750
710 2 _aCentro de Investigaciones Sociológicas (España)
_92708
852 _aES-MaACL
_jL-6551
_bR.107793
999 _c95108
_d95108